| 000 | 00975nam a2200241 a 4500 | ||
|---|---|---|---|
| 001 | 83646 | ||
| 003 | BD-RjUL | ||
| 005 | 20240505105511.0 | ||
| 008 | 240505s2002 bg a|||| m||| 00| 0 eng d | ||
| 035 | _a(BD-RjUL)83646 | ||
| 040 |
_aBD-RjUL _beng _cBD-RjUL _dBD-RjUL |
||
| 041 | _aeng | ||
| 082 |
_223 _a641.356 _bDES 2002 |
||
| 100 | _aDeb, Anil Chandra | ||
| 245 | 1 | 0 |
_aStudy of Genetic Control, Selection Index and Genotype-Environment Interaction of Yield and Yield Components in Chickpea (Cicer Arietinum L.) / _cBy Anil Chandra Deb ; _6Supervisor : M. A. Khaleque |
| 260 |
_aRajshahi : _bDepartment of Genetics and Breeding, University of Rajshahi, _c2002 |
||
| 300 |
_a[11], 290 Leaves : _bill, ; _c29 cm. |
||
| 502 | _aThesis (Ph. D.) -- Department of Genetics and Breeding, University of Rajshahi, 2002 | ||
| 504 | _aReferences : Leaves [264]-290 | ||
| 650 |
_aChickpea _vYield and Yield _912837 |
||
| 700 |
_aKhaleque, M. A., Supervisor _94376 |
||
| 942 |
_2ddc _cTHE |
||
| 999 |
_c83646 _d83646 |
||